000 00976nam a2200301 a 4500
001 000004203
003 DO-SdBNP
005 20211109094108.0
007 000004203
008 090720s2007 dr bc 001 0 spa d
040 _aBPMUS
_bspa
_cBPMSU
082 _a923.287
_bB689b, 2007
_222
092 _a
100 1 _aBosch, Juan,
_d1909-2001
_91
245 1 0 _aSimón Bolívar :
_bbiografía para escolares /
_cJuan Bosch
250 _a5a. ed.
260 _aSanto Domingo :
_bAlfa & Omega,
_c2007
300 _a183 p. :
_bil., mapas , retrs. ;
_c21 cm.
504 _aBibliografía : p. 177-178.
590 _6Inventariado, 2021/VM
600 1 4 _aBolívar, Simón
_b1783-1830
651 4 _aVenezuela
_xHistoria
_yGuerra de independencia, 810-1823
651 4 _aAmérica del Sur
_xHistoria
_yGuerras de independencia, 1806-1830
910 _aVMateo V.
942 _2ddc
_cBK
945 _aTitulo remanejado para la BNPHU
956 _aVMATEO
_b10
_c20150501
_lBPMSU
_h00151
999 _c13861
_d13861